Countries by Fast Food Chain - Picture - Statistics

General Stats
  • This quiz has been taken 31 times
  • The average score is 5 of 15
Answer Stats
Picture Hint Answer % Correct
McDonald's United States
89%
Tim Hortons Canada
71%
Hungry Jack's Australia
52%
Nordsee Germany
52%
Vkusno i tochka Russia
52%
Jollibee Philippines
50%
Nando’s South Africa
26%
Hesburger Finland
22%
Wallace (CNHLS) China
19%
Lotteria South Korea
19%
MOS Burger Japan
16%
Giraffas Brazil
13%
Supermac's Ireland
12%
Albaik Saudi Arabia
8%
Toast Box Singapore
8%
Kebab Turki Baba Rafi Indonesia
4%
No matching quizzes found
Score Distribution
Percent of People with Each Score
Percentile by Number Answered
Your Score History
You have not taken this quiz